Vereine anhand der Nationen ihrer Spieler erraten (Stand: 23/24) - Statistiken

Allgemein
  • Dieses Quiz wurde 601 mal gespielt
    420 seit der letzten Aktualisierung
  • Das Durchschnittsergebnis liegt bei 10 aus 12
Antwortstatistiken
Bildquiz Antwort % Korrekt
Real Madrid
98%
Inter Mailand
93%
Bayern München
91%
Borussia Dortmund
91%
Manchester City
91%
Liverpool
89%
Atletico Madrid
88%
Leverkusen
87%
Arsenal
84%
Juventus
83%
Athletic Bilbao
74%
Inter Miami
58%
Keine übereinstimmenden Quizze gefunden
Verteilung der Resultate
Anzahl Personen mit jedem Resultat
Perzentil nach korrekt beantworteten Fragen
Ihre Resultats-Entwicklung
Sie haben dieses Quiz seit der letzten Aktualisierung nicht gespielt